| 000 | 00613nam a2200229Ia 4500 | ||
|---|---|---|---|
| 003 | OSt | ||
| 005 | 20220928103008.0 | ||
| 006 | a|||||r|||| 00| 0 | ||
| 007 | ta | ||
| 008 | 220927b |||||||| |||| 00| 0 eng d | ||
| 024 | _a29466 | ||
| 037 | _cTextual | ||
| 040 |
_aSDCL _cSDCL _beng |
||
| 041 |
_2eng _aeng |
||
| 082 | _aQ22:221, M0 | ||
| 100 |
_aShasti Ramchandra Varma Ed. _9401661 |
||
| 245 | 0 | _aSri Pad purana. | |
| 260 |
_aDelhi _bDharmgratha Prakashan _c1980 |
||
| 300 |
_a192p. _ccm. |
||
| 942 |
_hQ22:221, M0 _cTEXL _2CC |
||
| 999 |
_c717522 _d717522 |
||